000 00450nam a22001817a 4500
003 koha_MIRAKIL
005 20231213065356.0
008 231213b |||||||| |||| 00| 0 ||| d
020 _b978-9-75405307-4
040 _aTR-IsEVY
_btur
_cTR-IsEVY
082 _a810 SMIT/B
100 _aSMITH, BETTY.
245 0 _aBİR GENÇ KIZ YETİŞİYOR.
260 _bALTIN KİTAP,
_c2009
300 _a527.
650 _aTürk Edebiyatı.
942 _2ddc
_cBK
999 _c2606
_d2606